Filosofía de la realidad histórica /

Ignacio Ellacuría (1930-1989), filósofo, sociólogo y teólogo, fundamenta con esta obra su concepto de praxis histórica, que como categoría permite comprender la originalidad de lo histórico. Sostiene que la realidad histórica como objeto de la filosofía no se reduce a lo ya hecho, sino que se extien...

全面介紹

Guardado en:
書目詳細資料
主要作者: Ellacuría, Ignacio (autor)
其他作者: González, Antonio (prólogo) (prólogo)
格式: 圖書
語言:西班牙语
出版: San Salvador, El Salvador : Universidad Centroamericana José Simeón Cañas, 1990, c1990
叢編:(Estructuras y Procesos. Serie Mayor ; 7)
主題:
標簽: 添加標簽
沒有標簽, 成為第一個標記此記錄!

MARC

LEADER 00000nam^a2200000^a^4500
001 000109787
005 20250521000000.0
009 20260310093733.218
020 |a 84-8405-158-7 
037 |a Acervo ITESO - Biblioteca 
041 |a ESP 
082 |a 901.  |b ELL 
100 |a Ellacuría, Ignacio  |e (autor) 
245 1 0 |a Filosofía de la realidad histórica /  |c I. Ellacuría ; pról. de A. González. 
264 4 |a San Salvador, El Salvador :  |b Universidad Centroamericana José Simeón Cañas,  |c 1990, c1990 
300 |a 606 p. 
336 |a texto  |b txt  |2 rdacontenido 
337 |a sin mediación  |b n  |2 rdamedio 
338 |a volumen  |b nc  |2 rdasoporte 
440 1 |a (Estructuras y Procesos.  |p Serie Mayor ;  |v 7) 
520 |a Ignacio Ellacuría (1930-1989), filósofo, sociólogo y teólogo, fundamenta con esta obra su concepto de praxis histórica, que como categoría permite comprender la originalidad de lo histórico. Sostiene que la realidad histórica como objeto de la filosofía no se reduce a lo ya hecho, sino que se extiende a lo que está haciéndose y a lo que se hará en el futuro, por lo que la realidad y la verdad deben hacerse y descubrirse en la complejidad de este devenir. 
649 |a XX 
650 |a Realidad -  |x Filosofía 
650 |a Historia -  |x Filosofía 
650 |a Realismo (Filosofía) 
650 |a Filosofía del Siglo XX 
700 |a González, Antonio  |e (prólogo) 
910 |a Fondo General 
920 |a Impresos - Libros 
930 |a Colección General 
905 |a 101 
901 |a 0500046182  |b IT1  |c ACC  |u 20250521 
902 |a https://opac.biblio.iteso.mx/vufind/Record/000109787